000
00309nam a2200145Ia 4500
008
230605s1997 xx 000 0 und d
041
_a
eng
100
_a
Hugo
245
_a
French
260
_b
Hugo`s Books pub.
_c
1997
300
_a
256p
520
_a
General
520
_a
Hard Board
650
_a
French
999
_c
420558
_d
420558